000 00315cam a22001217a 4500
008 180718b1969 xxu||||| |||| 00| 0 eng d
082 _aB2 Av16
100 _aAvasthi, Rajendra
245 _aNature of politics
_cby Rajendra Avasthi
260 _aBombay
_bAsia
_c1969
300 _a160p.
650 _aPolitical Science.
999 _c358818
_d358818